The Iceland Quiz Stats

 Plays Quiz Updated Jan 2, 2018

Challenge
Share
Tweet
Embed
Score 0/42 Timer 07:00
6 Plays Today
Hint Answer % Correct
Flag ColorBlue
97%
Flag ColorWhite
97%
Flag ColorRed
96.6%
DemonymIcelander
88%
Official LanguageIcelandic
86.9%
Capital CityReykjavík
82.5%
Bordering OceanAtlantic Ocean
81.3%
ContinentEurope
78.9%
Drives on the...Right
78.1%
Lowest PointAtlantic Ocean
75.5%
Age of Suffrage18
74.3%
Largest ReligionChristianity
71.6%
Official nameRepublic of Iceland
70.6%
Independence FromDenmark
68.5%
CurrencyIcelandic króna
49%
Internet Country Code.is
49%
Main Source of EnergyGeothermal
39.5%
Number of Counties23
37.4%
Main Source of EnergyHydroelectric
34.6%
Year of Independence1918
30.1%
Bordering SeaGreenland Sea
22.1%
Hint Answer % Correct
ParliamentAlthing
22%
Bordering SeaNorwegian Sea
17.8%
2010 Major Volcano EruptionEyjafjallajökull
17.5%
Third Largest CityHafnarfjörður
16.3%
PresidentGuðni Th. Jóhannesson
15.6%
Prime MinisterBjarni Benediktsson
13.4%
Second Largest CityKópavogur
12.6%
Year of Settlement874
11.4%
National ParkÞingvellir
10.7%
Highest PointHvannadalshnúkur (2110m)
9.9%
National ParkVatnajökull
9.7%
Icelandic National DayJune 17, 1944
9.6%
National AnthemLofsöngur
8.3%
Longest RiverÞjórsá
7.6%
Largest StadiumLaugardalsvöllur
5.8%
Highest WaterfallGlymur
5.6%
Largest LakeÞórisvatn
5.3%
National BirdGyrfalcon
4.8%
Speaker of ParliamentUnnur Brá Konráðsdóttir
4%
National FlowerWhite Dryas
4%
National ParkSnæfellsjökull
3.6%

You're not logged in!

Compare scores with friends on all Sporcle quizzes.
OR
Log In

You Might Also Like...

Show Comments

Extras

Top Quizzes Today


Score Distribution

Your Account Isn't Verified!

In order to create a playlist on Sporcle, you need to verify the email address you used during registration. Go to your Sporcle Settings to finish the process.

Report this User

Report this user for behavior that violates our Community Guidelines.

Details: